Организации – Выбери Страны-Члены - Statistics

General Stats
  • This quiz has been taken 142 times
  • The average score is 57 of 132
Answer Stats
Question Tile Select % Correct
Евросоюз (ЕС) Франция Yes
98%
Евросоюз (ЕС) Дания Yes
97%
Евросоюз (ЕС) Украина No
94%
Евросоюз (ЕС) Словакия Yes
92%
Евросоюз (ЕС) Хорватия Yes
90%
Евросоюз (ЕС) Финляндия Yes
85%
Организация Договора о Коллективной Безопасности (ОДКБ) Россия Yes
80%
БРИКС Китай Yes
80%
Организация Договора о Коллективной Безопасности (ОДКБ) Казахстан Yes
77%
Организация Договора о Коллективной Безопасности (ОДКБ) Беларусь Yes
77%
БРИКС Индия Yes
77%
Лига Арабских Государств (ЛАГ) Оман Yes
75%
БРИКС Вьетнам No
75%
Организация Договора о Коллективной Безопасности (ОДКБ) Монголия No
74%
Лига Арабских Государств (ЛАГ) Катар Yes
74%
Организация Договора о Коллективной Безопасности (ОДКБ) КНДР No
71%
Организация Договора о Коллективной Безопасности (ОДКБ) Молдова No
71%
БРИКС Южно-Африканская Республика Yes
71%
Организация Договора о Коллективной Безопасности (ОДКБ) Иран No
70%
Организация Договора о Коллективной Безопасности (ОДКБ) Таджикистан Yes
69%
Лига Арабских Государств (ЛАГ) Сирия Yes
68%
Лига Арабских Государств (ЛАГ) Чад No
68%
БРИКС Нигерия No
68%
Организация Договора о Коллективной Безопасности (ОДКБ) Турция No
65%
БРИКС Турция No
65%
Большая Семёрка (G7) Франция Yes
65%
Большая Семёрка (G7) Германия Yes
64%
Большая Семёрка (G7) Турция No
63%
Большая Семёрка (G7) Великобритания Yes
63%
Большая Семёрка (G7) Соединённые Штаты Yes
63%
Лига Арабских Государств (ЛАГ) Южный Судан No
61%
Организация Тюркских Государств Албания No
61%
Организация Тюркских Государств Кипр No
61%
Организация Договора о Коллективной Безопасности (ОДКБ) Китай No
59%
БРИКС Аргентина No
59%
Организация Тюркских Государств Турция Yes
59%
Лига Арабских Государств (ЛАГ) Афганистан No
56%
Организация Тюркских Государств Азербайджан Yes
56%
Организация Тюркских Государств Афганистан No
56%
Организация Тюркских Государств Казахстан Yes
56%
Международный Валютный Фонд (МВФ) Россия Yes
56%
Цифровые Нации (Digital Nations) Южная Корея Yes
55%
Большая Семёрка (G7) Австралия No
55%
Организация Тюркских Государств Киргизия Yes
54%
Цифровые Нации (Digital Nations) Руанда No
54%
Большая Семёрка (G7) Россия No
54%
Большая Семёрка (G7) Южная Корея No
53%
Цифровые Нации (Digital Nations) Чили No
52%
Большая Семёрка (G7) Япония Yes
52%
Евросоюз (ЕС) Лихтенштейн No
51%
Большая Семёрка (G7) Испания No
51%
Большая Семёрка (G7) Канада Yes
50%
Цифровые Нации (Digital Nations) Канада Yes
48%
Евросоюз (ЕС) Норвегия No
46%
Евросоюз (ЕС) Черногория No
46%
Большая Семёрка (G7) Италия Yes
46%
Европейская Ассоциация Свободной Торговли (ЕАСТ) Норвегия Yes
45%
Европейский Вещательный Союз (ЕВС) Нидерланды Yes
45%
Всемирная туристская организация (UNWTO) Сомали No
44%
БРИКС Объединëнные Арабские Эмираты Yes
44%
Цифровые Нации (Digital Nations) Словения No
43%
Всемирная туристская организация (UNWTO) Китай Yes
43%
Международный Валютный Фонд (МВФ) Армения Yes
42%
Европейская Ассоциация Свободной Торговли (ЕАСТ) Швейцария Yes
41%
Международный Валютный Фонд (МВФ) КНДР No
41%
Европейская Ассоциация Свободной Торговли (ЕАСТ) Мальта No
40%
Движение Неприсоединения Непал Yes
40%
Движение Неприсоединения Швеция No
40%
БРИКС Египет Yes
38%
Европейский Вещательный Союз (ЕВС) Австралия No
38%
Европейский Вещательный Союз (ЕВС) Казахстан No
38%
Лига Арабских Государств (ЛАГ) Иран No
35%
Движение Неприсоединения Аргентина No
35%
Группа друзей в защиту Устава ООН Сент-Люсия No
35%
Группа друзей в защиту Устава ООН Россия Yes
35%
Всемирная туристская организация (UNWTO) Израиль Yes
35%
Организация Договора о Коллективной Безопасности (ОДКБ) Азербайджан No
34%
Европейская Ассоциация Свободной Торговли (ЕАСТ) Исландия Yes
34%
Международный Валютный Фонд (МВФ) Куба No
34%
Европейский Вещательный Союз (ЕВС) Молдова Yes
34%
Группа друзей в защиту Устава ООН Китай Yes
33%
Международный Валютный Фонд (МВФ) Иран Yes
32%
Международный Валютный Фонд (МВФ) Андорра Yes
32%
Всемирная туристская организация (UNWTO) Катар Yes
32%
Организация Договора о Коллективной Безопасности (ОДКБ) Узбекистан No
31%
Группа друзей в защиту Устава ООН Эфиопия No
31%
Организация Тюркских Государств Таджикистан No
30%
Лига Арабских Государств (ЛАГ) Сомали Yes
29%
Интерспутник Афганистан No
29%
Европейская Ассоциация Свободной Торговли (ЕАСТ) Люксембург No
28%
Движение Неприсоединения Мексика No
28%
Интерспутник Венгрия Yes
28%
Европейский Вещательный Союз (ЕВС) Беларусь No
28%
Движение Неприсоединения Куба Yes
27%
Движение Неприсоединения Иордания Yes
27%
Интерспутник Германия Yes
27%
Интерспутник Боливия No
27%
Цифровые Нации (Digital Nations) Эстония Yes
26%
Международный Валютный Фонд (МВФ) Либерия Yes
26%
Движение Неприсоединения Таиланд Yes
26%
Движение Неприсоединения Вьетнам Yes
26%
Интерспутник Ирак No
26%
Интерспутник Узбекистан No
25%
Группа друзей в защиту Устава ООН Вьетнам No
25%
Европейская Ассоциация Свободной Торговли (ЕАСТ) Лихтенштейн Yes
23%
Международный Валютный Фонд (МВФ) Монако No
23%
Европейский Вещательный Союз (ЕВС) Израиль Yes
23%
Европейская Ассоциация Свободной Торговли (ЕАСТ) Ирландия No
22%
Цифровые Нации (Digital Nations) Португалия Yes
22%
Международный Валютный Фонд (МВФ) Мьянма Yes
22%
Группа друзей в защиту Устава ООН КНДР Yes
20%
Европейская Ассоциация Свободной Торговли (ЕАСТ) Великобритания No
19%
Европейский Вещательный Союз (ЕВС) Армения Yes
19%
Группа друзей в защиту Устава ООН Индия No
19%
Европейская Ассоциация Свободной Торговли (ЕАСТ) Италия No
18%
Группа друзей в защиту Устава ООН Эритрея Yes
18%
Лига Арабских Государств (ЛАГ) Коморы Yes
17%
Интерспутник Азербайджан Yes
17%
Движение Неприсоединения Беларусь Yes
16%
Европейский Вещательный Союз (ЕВС) Лихтенштейн No
15%
Интерспутник Сомали Yes
13%
Всемирная туристская организация (UNWTO) Никарагуа Yes
13%
Группа друзей в защиту Устава ООН Лаос Yes
12%
Цифровые Нации (Digital Nations) Мексика Yes
11%
Интерспутник Сербия No
10%
Всемирная туристская организация (UNWTO) Великобритания No
8%
Всемирная туристская организация (UNWTO) Иран Yes
8%
Всемирная туристская организация (UNWTO) США No
7%
Организация Тюркских Государств Туркмения No
5%
Цифровые Нации (Digital Nations) Япония No
5%
Всемирная туристская организация (UNWTO) КНДР Yes
5%
Европейский Вещательный Союз (ЕВС) Ливан Yes
3%
No matching quizzes found
Score Distribution
Percent of People with Each Score
Percentile by Number Answered
Your Score History
You have not taken this quiz